[Event "Porto Alegre Metropole op 2nd"]
[Site "Porto Alegre"]
[Date "2019.08.04"]
[Round "4"]
[White "Pertuzatti, Daniel"]
[Black "Martins, Adroildo Jose"]
[Result "1-0"]
[WhiteElo "1935"]
[BlackElo "1660"]
[PlyCount "51"]
[EventDate "2019.08.02"]
[EventType "swiss"]
[EventRounds "5"]
[EventCountry "BRA"]
[SourceTitle "EXT 2020"]
[Source "ChessBase"]
[SourceDate "2019.10.17"]
[SourceVersion "1"]
[SourceVersionDate "2019.10.17"]
[SourceQuality "1"]

1. e4 e5 2. f4 exf4 3. Nf3 d5 4. exd5 Qxd5 5. Nc3 Qa5 6. d4 Bb4 7. Bd2 Bg4 8. a3 Bxc3 9. Bxc3 Qd5 10. Bd3 Nc6 11. Qe2+ Nge7 12. 0-0-0 0-0-0 13. Bc4 Qd6 14. d5 Nb8 15. Bb4 Qd7 16. Qxe7 Qxe7 17. Bxe7 Rde8 18. d6 cxd6 19. Bxd6 g5 20. Bxf7 Re2 21. h3 Bxf3 22. gxf3 Nc6 23. Rhe1 Rf2 24. Be6+ Kd8 25. Bc5+ Nd4 26. Bxd4 1-0

[Event "Porto Alegre Metropole op 1st"]
[Site "Porto Alegre"]
[Date "2019.05.05"]
[Round "5"]
[White "Giorgi Junior, Romulo Ponticelli"]
[Black "Martins, Adroildo Jose"]
[Result "1-0"]
[WhiteElo "1508"]
[BlackElo "1734"]
[PlyCount "161"]
[EventDate "2019.05.03"]
[EventType "swiss"]
[EventRounds "5"]
[EventCountry "BRA"]
[SourceTitle "CBM 190 Extra"]
[Source "ChessBase"]
[SourceDate "2019.07.15"]
[SourceVersion "1"]
[SourceVersionDate "2019.07.15"]
[SourceQuality "1"]

1. e4 c5 2. Nf3 a6 3. c3 Nc6 4. d4 cxd4 5. cxd4 e6 6. Nc3 d5 7. e5 Nge7 8. Bd3 Qb6 9. Na4 Qc7 10. Bd2 b5 11. Nc5 Nxd4 12. Nxd4 Qxc5 13. Nb3 Qc7 14. f4 Nc6 15. Rc1 Qb6 16. Qc2 Nb4 17. Bxb4 Bxb4+ 18. Ke2 Bb7 19. Bxh7 Kd7 20. Bd3 Rac8 21. Qb1 Be7 22. Rxc8 Rxc8 23. Rc1 Rh8 24. h3 g5 25. fxg5 Bxg5 26. Nc5+ Ke7 27. Rc2 Bf4 28. Nxb7 Qe3+ 29. Kf1 Qxd3+ 30. Kg1 Qe3+ 31. Kf1 Qxe5 32. Qe1 Qxe1+ 33. Kxe1 Rb8 34. Na5 Kf6 35. Rc6 Ra8 36. Ke2 Ke7 37. Kf3 Be5 38. Rc2 Kd6 39. h4 f5 40. Nb7+ Ke7 41. Re2 Bf6 42. g3 Rc8 43. h5 Rc1 44. Rh2 Rf1+ 45. Ke3 d4+ 46. Kd3 Rf3+ 47. Ke2 Rxg3 48. h6 e5 49. h7 Bh8 50. Na5 Ke6 51. Nc6 d3+ 52. Kd2 e4 53. Nd8+ Kf6 54. b3 f4 55. a3 Re3 56. Nb7 Re2+ 57. Rxe2 dxe2 58. Kxe2 Kf5 59. Nd6+ Kg6 60. Nxe4 Kxh7 61. Kf3 Be5 62. Nf2 Kg6 63. Ke4 Kf6 64. Ng4+ Ke6 65. Nxe5 f3 66. Nxf3 Kd6 67. Kd4 Kc6 68. b4 Kc7 69. Ne5 Kd6 70. Nf7+ Kc6 71. Ke5 Kb6 72. Kd6 a5 73. Ne5 axb4 74. axb4 Kb7 75. Kc5 Ka6 76. Nd7 Kb7 77. Kxb5 Kc7 78. Ka6 Kxd7 79. b5 Kc7 80. Ka7 Kc8 81. b6 1-0

[Event "Guaxupe visualy limited"]
[Site "Guaxupe"]
[Date "2017.12.01"]
[Round "3.4"]
[White "Espindola, Carlos Marcelo"]
[Black "Martins, Adroildo Jose"]
[Result "1/2-1/2"]
[WhiteElo "1344"]
[BlackElo "1739"]
[PlyCount "45"]
[EventDate "2017.11.30"]
[EventType "tourn"]
[EventRounds "7"]
[EventCountry "BRA"]
[SourceTitle "EXT 2022"]
[Source "ChessBase"]
[SourceDate "2021.10.06"]
[SourceVersion "1"]
[SourceVersionDate "2021.10.06"]
[SourceQuality "1"]

1. Nf3 Nf6 2. g3 g6 3. Bg2 Bg7 4. 0-0 0-0 5. c4 d5 6. cxd5 Nxd5 7. Nc3 c6 8. d3 Na6 9. Bd2 Qb6 10. Nxd5 cxd5 11. Rb1 e5 12. Qc1 Nc5 13. Bh6 e4 14. Bxg7 exf3 15. Bxf8 fxg2 16. Bxc5 gxf1Q+ 17. Kxf1 Qe6 18. Bd4 Bd7 19. Qh6 Qh3+ 20. Qxh3 Bxh3+ 21. Ke1 b6 22. Rc1 Rc8 23. Rxc8+ 1/2-1/2

[Event "Porto Alegre Oncosinos op"]
[Site "Porto Alegre"]
[Date "2016.11.27"]
[Round "4"]
[White "Martins, Adroildo Jose"]
[Black "Trott, Natan Correa"]
[Result "0-1"]
[WhiteElo "1766"]
[BlackElo "1710"]
[PlyCount "92"]
[EventDate "2016.11.25"]
[EventType "swiss"]
[EventRounds "5"]
[EventCountry "BRA"]
[SourceTitle "CBM 175 Extra"]
[Source "ChessBase"]
[SourceDate "2016.12.12"]
[SourceVersion "1"]
[SourceVersionDate "2016.12.12"]
[SourceQuality "1"]

1. e4 e6 2. Nf3 d5 3. exd5 exd5 4. d4 Bd6 5. Bd3 Nf6 6. 0-0 0-0 7. Re1 Bg4 8. h3 Bh5 9. Nbd2 Nc6 10. c3 Ne7 11. Nf1 Bg6 12. Bg5 Ne4 13. Bxe4 Bxe4 14. N3d2 Bg6 15. Qb3 f6 16. Bh4 b6 17. Bg3 Bf7 18. Re2 Re8 19. Rae1 Bxg3 20. Nxg3 Qd7 21. Nf3 Nf5 22. Nf1 Nd6 23. Qc2 Rxe2 24. Rxe2 Bh5 25. N1h2 Re8 26. b3 Qb5 27. Rxe8+ Qxe8 28. g4 Bg6 29. Qc1 Qe2 30. Nd2 Ne4 31. Nxe4 Bxe4 32. Qe3 Qxa2 33. f3 Qb1+ 34. Nf1 Bg6 35. Qe6+ Kf8 36. Qc8+ Be8 37. Qxc7 Qxb3 38. Qxa7 Qxc3 39. Qxb6 Qxf3 40. Qd6+ Kf7 41. Ng3 Qe3+ 42. Kg2 Qxd4 43. Qc7+ Kg8 44. Qxg7+ Kxg7 45. Nf5+ Kg6 46. Nxd4 Bd7 0-1

[Event "Porto Alegre IRT U2200 2nd"]
[Site "Porto Alegre"]
[Date "2016.09.03"]
[Round "3.7"]
[White "Martins, Adroildo Jose"]
[Black "Uema, Gustavo Palacios Fr"]
[Result "0-1"]
[WhiteElo "1757"]
[BlackElo "1587"]
[PlyCount "62"]
[EventDate "2016.09.03"]
[EventType "swiss"]
[EventRounds "5"]
[EventCountry "BRA"]
[SourceTitle "EXT 2022"]
[Source "ChessBase"]
[SourceDate "2021.10.06"]
[SourceVersion "1"]
[SourceVersionDate "2021.10.06"]
[SourceQuality "1"]

1. e4 e5 2. Nf3 Nc6 3. Bb5 Nf6 4. d3 Bc5 5. 0-0 d6 6. c3 0-0 7. h3 h6 8. Nbd2 Be6 9. Re1 a6 10. Ba4 b5 11. Bc2 d5 12. Nb3 Bb6 13. exd5 Nxd5 14. Nxe5 Nxe5 15. Rxe5 Bxf2+ 16. Kh1 Qh4 17. Qf3 Nf6 18. Bd2 Bg4 19. Re4 Bxf3 20. Rxh4 Bxg2+ 21. Kxg2 Bxh4 22. Nc5 Rfe8 23. Kf3 Re5 24. d4 Rh5 25. Ne4 Rf5+ 26. Bf4 Nd5 27. Rg1 Rxf4+ 28. Ke2 Re8 29. Kd3 Rf3+ 30. Kd2 Rxh3 31. Rg4 f5 0-1

[Event "BRA-ch para Deficientes Visuais final"]
[Site "Sao Sebastiao do Paraiso"]
[Date "2015.12.06"]
[Round "7.4"]
[White "Lopes, Davi De Souza"]
[Black "Martins, Adroildo Jose"]
[Result "0-1"]
[WhiteElo "1888"]
[BlackElo "1984"]
[PlyCount "44"]
[EventDate "2015.12.03"]
[EventType "swiss"]
[EventRounds "7"]
[EventCountry "BRA"]
[SourceTitle "EXT 2022"]
[Source "ChessBase"]
[SourceDate "2021.10.06"]
[SourceVersion "1"]
[SourceVersionDate "2021.10.06"]
[SourceQuality "1"]

1. e4 d5 2. exd5 Qxd5 3. Nc3 Qa5 4. Nf3 Nf6 5. Bc4 Bg4 6. h3 Bh5 7. 0-0 Nc6 8. d4 0-0-0 9. Be3 e5 10. g4 Nxg4 11. d5 Nxe3 12. fxe3 e4 13. Qe1 Bxf3 14. Qh4 Ne5 15. Bb3 Ng6 16. Qg5 Be7 17. Qf5+ Kb8 18. Rf2 Bf6 19. Nxe4 Bxe4 20. Qxe4 Rhe8 21. Qf3 Qb6 22. Re1 Bh4 0-1

[Event "BRA-ch Cegos e Defi"]
[Site "web cbx"]
[Date "2012.01.27"]
[Round "4"]
[White "Hengles, Roberto Carlos"]
[Black "Martins, Adroildo Jose"]
[Result "1-0"]
[WhiteElo "2293"]
[BlackElo "2173"]
[PlyCount "41"]
[EventDate "2012.01.26"]
[EventType "tourn"]
[EventRounds "7"]
[EventCountry "BRA"]
[SourceTitle "EXT 2013"]
[Source "ChessBase"]
[SourceDate "2012.11.22"]
[SourceVersion "1"]
[SourceVersionDate "2012.11.22"]
[SourceQuality "1"]

1. e4 g6 2. d4 Bg7 3. Nc3 d6 4. Bg5 c6 5. Qd2 Qa5 6. Be2 Qb6 7. 0-0-0 Nd7 8. f4 Ngf6 9. e5 Nd5 10. Nxd5 cxd5 11. Nf3 dxe5 12. fxe5 e6 13. Bh6 0-0 14. h4 Re8 15. Bxg7 Kxg7 16. h5 Rh8 17. hxg6 fxg6 18. Qh6+ Kg8 19. Ng5 Nf8 20. Rhf1 Qc7 21. Rxf8# 1-0